A fresh look at the formulation of foreign policy. (Record no. 90080)

MARC details
000 -LEADER
fixed length control field 01126cam a22002771 4500
001 - CONTROL NUMBER
control field sd 61000008
003 - CONTROL NUMBER IDENTIFIER
control field DLC
005 - DATE AND TIME OF LATEST TRANSACTION
control field 20260227112736.0
008 - FIXED-LENGTH DATA ELEMENTS--GENERAL INFORMATION
fixed length control field 920417r19611961dcu f000 0 eng c
010 ## - LIBRARY OF CONGRESS CONTROL NUMBER
LC control number sd 61000008
035 ## - SYSTEM CONTROL NUMBER
System control number (OCoLC)25667789
040 ## - CATALOGING SOURCE
Original cataloging agency U.S. Dept. of State. Library
Transcribing agency DS
Modifying agency DS
-- DLC
042 ## - AUTHENTICATION CODE
Authentication code premarc
050 00 - LIBRARY OF CONGRESS CALL NUMBER
Classification number E183.7
Item number .R96
100 1# - MAIN ENTRY--PERSONAL NAME
Personal name Rusk, Dean,
Dates associated with a name 1909-1994.
245 12 - TITLE STATEMENT
Title A fresh look at the formulation of foreign policy.
260 ## - PUBLICATION, DISTRIBUTION, ETC.
Place of publication, distribution, etc. [Washington,
Name of publisher, distributor, etc. Office of Public Services, Bureau of Public Affairs,
Date of publication, distribution, etc. 1961]
300 ## - PHYSICAL DESCRIPTION
Extent 5 p.
Dimensions 26 cm.
490 1# - SERIES STATEMENT
Series statement [U.S.] Dept. of State. Publication
Volume/sequential designation 7166
490 1# - SERIES STATEMENT
Series statement General foreign policy series,
Volume/sequential designation 163
500 ## - GENERAL NOTE
General note "Informal remarks made ... to the policy-making officers of the Department of State in the Department auditorium on February 20, 1961."
500 ## - GENERAL NOTE
General note Reprinted from the Department of State Bulletin of March 20, 1961.
651 #0 - SUBJECT ADDED ENTRY--GEOGRAPHIC NAME
Geographic name United States
General subdivision Foreign relations
Chronological subdivision 1961-1963.
830 #0 - SERIES ADDED ENTRY--UNIFORM TITLE
Uniform title Department of State publication ;
Volume/sequential designation 7166.
830 #0 - SERIES ADDED ENTRY--UNIFORM TITLE
Uniform title Department of State publication.
Name of part/section of a work General foreign policy series ;
Volume/sequential designation 163.

No items available.

Powered by Koha